[Event "Galicia-ch 2021"]
[Site "Padron"]
[Date "2021.04.04"]
[Round "8.3"]
[White "Suarez Gomez, Julio"]
[Black "Lopez Gonzalez, Alfonso"]
[Result "1-0"]
[WhiteElo "2461"]
[BlackElo "2254"]
[Annotator "TA"]
[PlyCount "155"]
[EventDate "2021.04.02"]
[EventType "swiss"]
[EventCountry "ESP"]
[SourceTitle "playchess.com"]
[Source "ChessBase"]
[SourceQuality "1"]

{[%evp 9,155,-4,41,16,29,14,18,0,10,2,4,0,0,-11,0,0,-13,-14,0,0,18,13,7,0,0,0,25,-13,0,0,26,0,0,0,44,37,88,88,94,79,69,91,91,78,72,78,111,90,180,183,195,195,176,183,176,179,261,240,429,440,408,400,2361,2490,1738,2175,1977,1762,2227,2072,29956,29960,29974,29975,29978,29979,29977,5062,12839,0,29983,29984,29984,0,0,0,0,0,0,0,0,0,0,0,110,0,0,0,0,0,0,0,29971,29973,29973,29974,29973,29974,29974,29975,29977,29978,29978,29979,29979,29980,29978,29979,29983,29980,29982,29982,29983,29984,29984,29985,29985,29981,29981,29982,29982,29978,29983,29984,29984,29985,29984,29983,29984,29985,29985,29986,29986,29987,29988,29989,29991,29992]} 1. e4 e6 2. d4 d5 3. Nd2 c5 4. Ngf3 cxd4 5. Nxd4 a6 6. exd5 {C07: French Tarrasch: 3...c5, 4 Ngf3 and 4 exd5 Qxd5.} Qxd5 7. N4f3 Nf6 8. Bc4 {The position is equal.} Qd6 9. O-O {[#]} Be7 $146 ({Predecessor:} 9... Nc6 10. Qe2 Qc7 11. Ne4 Nxe4 12. Qxe4 b5 {0-1 (12) Grabara,K-Myatt,J IECG email 2002}) 10. Qe2 Qc7 11. Ne5 Nc6 12. Ndf3 b5 {aiming for ...Nxe5.} 13. Bb3 Na5 14. Bf4 {Black must now prevent Ng6!} Nxb3 15. axb3 {Ng6! is the strong threat.} Qb6 16. Rfd1 O-O 17. Bg5 h6 18. Bd2 Bb7 19. Ba5 Qc5 20. Nd7 Nxd7 21. Rxd7 Bxf3 22. Qxf3 b4 (22... Bf6 $14) 23. Rb7 $16 Qg5 24. Bxb4 Bxb4 25. Rxb4 Rac8 26. Rc4 Rxc4 27. bxc4 {[%mdl 4096] Endgame KQR-KQR} Qd2 28. Qd3 Qb4 (28... Rd8 $16 29. Qxd2 Rxd2) 29. b3 $18 (29. Rxa6 Qxb2 30. Rd6 Qa1+ 31. Qd1 Qc3 $11) 29... a5 30. g3 Rc8 31. Ra4 $36 {[%mdl 2048] White is on the roll.} Qe1+ 32. Kg2 e5 (32... Qe5 $142 33. Qe3 Qf5) 33. Qe3 Qd1 (33... Qxe3 34. fxe3 Rc5) 34. Rxa5 Qxc2 35. Rxe5 Rb8 (35... Kf8 $142 36. c5 Qa2) 36. Re8+ Rxe8 37. Qxe8+ {KQ-KQ} Kh7 38. Qxf7 Qxb3 39. Qd5 Qc2 40. h4 Kh8 41. c5 Kh7 42. c6 Kh8 43. Qd8+ Kh7 44. c7 $2 ({White must play} 44. Qb6 $18 Qe4+ 45. Kg1) 44... Qe4+ $2 {[%mdl 8192]} (44... Qc6+ $11 45. Kh2 Qf3 46. c8=Q Qxf2+ 47. Kh3 Qf1+ 48. Kg4 Qe2+ 49. Kf5 Qf2+ 50. Ke6 Qe1+ 51. Kd7 Qd2+ 52. Ke8 Qe2+ 53. Qe7 Qh5+ 54. Qf7 Qb5+ 55. Kf8 Qb4+ 56. Qe7 Qxe7+ 57. Kxe7 Kg6 58. Qg4+ Kh7 59. Kf7 g6 60. Qxg6+ Kh8 61. Qxh6#) 45. Kh2 Qc2 46. Kg1 $2 (46. c8=Q {mates} Qxf2+ 47. Kh3 Qf1+ 48. Kg4 Qe2+ 49. Kf5 Qf3+ 50. Ke6 Qe3+ 51. Kd7) 46... Qb1+ $11 47. Kg2 Qe4+ $1 48. Kf1 (48. Kh2 Qf5 49. c8=Q Qxf2+ 50. Kh3 Qf1+ 51. Kg4 Qe2+ 52. Kf5 Qf3+ 53. Ke6 Qe4+ 54. Kd7 Qd3+ 55. Ke8 Qe2+ 56. Qe7 Qh5+ 57. Qf7 Qb5+ 58. Kf8 Qb4+ 59. Qe7 Qxe7+ 60. Kxe7 Kg6) 48... Qh1+ 49. Ke2 Qe4+ 50. Kd2 {White threatens Qd3 and mate.} Qb4+ 51. Ke3 {Qd3+ would kill now.} (51. Kd3 $6 Qb1+ 52. Ke2 Qe4+ 53. Kd1 (53. Kd2 Qb4+ 54. Ke2 Qe4+ $16) 53... Qb1+ 54. Ke2 (54. Kd2 Qb4+ 55. Kd3 Qb1+ 56. Ke3 Qe1+ 57. Kf3 Qh1+ 58. Kf4 Qc1+ 59. Kg4 Qc4+ 60. Kf3 Qc6+ 61. Ke3 Qe6+ 62. Kf3 Qc6+ 63. Kf4 Qc4+ 64. Kf3 Qc6+ $16) 54... Qe4+ $16) 51... Qc5+ (51... Qe1+ $11 {remains equal.} 52. Kf3 Qh1+ 53. Kf4 Qc1+ 54. Kg4 Qc4+ 55. Kf3 Qc6+ 56. Kf4 Qc1+ 57. Kg4 Qc4+ 58. Kf3 Qc6+ 59. Ke3 Qe6+ 60. Kf3 (60. Kd2 Qa2+ 61. Ke3 Qe6+ 62. Kd4 Qb6+ 63. Ke4 Qe6+ 64. Kf4 Qc4+ 65. Kf3 $16) 60... Qc6+) 52. Kd3 (52. Ke4 $16 Qc6+ 53. Qd5 (53. Kd4 Qb6+ 54. Ke4 Qe6+ 55. Kd4 Qb6+ 56. Ke5 Qc5+ 57. Ke4 Qc4+ 58. Ke3 Qe6+ 59. Kd2 Qa2+ 60. Ke1 Qb1+ 61. Qd1 Qe4+ 62. Qe2 Qb1+ 63. Kd2 Qa2+ 64. Ke3 Qa7+ 65. Kf3 Qxc7 $16) 53... Qxc7 54. h5) 52... Qb5+ 53. Kd4 Qb4+ $1 54. Kd5 (54. Kd3 $6 Qb1+ 55. Ke3 Qe1+ 56. Kf3 Qh1+ 57. Kf4 Qc1+ 58. Kg4 Qc4+ 59. Kf3 Qc6+ 60. Ke3 Qe6+ 61. Kf4 (61. Kd2 Qa2+ 62. Ke3 Qe6+ 63. Kd4 Qb6+ 64. Ke5 Qc5+ 65. Ke4 Qc4+ 66. Kf3 Qc6+ 67. Ke3 Qe6+ $16) 61... Qc4+ 62. Kf3 Qc6+ 63. Ke3 Qe6+ 64. Kd4 (64. Kd2 Qa2+ 65. Ke3 Qe6+ $16) 64... Qb6+ 65. Ke5 Qc5+ 66. Ke4 Qc4+ 67. Kf3 $16) 54... Qb5+ 55. Kd6 (55. Kd4 $6 Qb4+ 56. Kd5 (56. Kd3 Qb1+ 57. Ke3 Qe1+ 58. Kf3 Qh1+ 59. Kf4 Qc1+ 60. Kg4 Qc4+ 61. Kf3 Qc6+ 62. Kf4 Qc4+ 63. Ke3 Qe6+ 64. Kd4 Qb6+ 65. Ke5 Qc5+ 66. Ke4 Qc4+ 67. Qd4 Qc6+ 68. Kd3 Qxc7 $16) 56... Qb5+ 57. Kd4 $16) 55... Qb6+ $2 {[%mdl 8192] Black is now going downhill.} (55... Qa6+ $11 56. Kc5 Qa5+ 57. Kc4 (57. Kd4 Qd2+ 58. Kc5 Qc2+ 59. Kd5 Qd3+ 60. Ke5 Qe2+ 61. Kf5 Qf3+ 62. Ke5 Qe2+ 63. Kd6 Qd3+ 64. Ke5 Qe2+ $11) 57... Qa6+ 58. Kb4 Qb6+ 59. Kc4 Qc6+ 60. Kd3 (60. Kd4 Qb6+ 61. Ke4 Qe6+ 62. Kf4 Qc4+ 63. Kf3 Qc6+ 64. Ke3 Qe6+ 65. Kd2 Qa2+ 66. Ke3 Qe6+ 67. Kd4 Qb6+ 68. Ke4 Qe6+ 69. Kd4 Qb6+ $16) 60... Qa6+ 61. Kd2 Qa2+ 62. Ke3 Qe6+ 63. Kd4 (63. Kd2 Qa2+ 64. Ke3 Qe6+ 65. Kd4 Qb6+ 66. Ke4 Qc6+ 67. Kd3 Qa6+ 68. Ke3 Qe6+ $16) 63... Qb6+ 64. Ke4 Qc6+ 65. Kd3 (65. Kd4 Qb6+ 66. Ke4 Qc6+ 67. Kd3 Qa6+ 68. Ke3 Qe6+ 69. Kd4 Qb6+ $16) 65... Qa6+ 66. Ke3 Qe6+ 67. Kd2 Qa2+ 68. Ke3 Qe6+) 56. Ke7 $1 {White mates.} Qf6+ 57. Kd7 Qf5+ 58. Kc6 $1 (58. Kd6 Qd3+ 59. Ke6 (59. Ke7 Qe4+ 60. Kf8 Qf5+ {[%mdl 64] Double Attack} 61. Ke8 Qe6+ 62. Qe7 Qc8+ 63. Qd8 Qe6+ 64. Kf8 Qf5+ {[%mdl 64] Double Attack} 65. Ke7 Qe4+ 66. Kf8 Qf5+ $11 {[%mdl 64] Double Attack}) 59... Qe4+ 60. Kd6 Qd3+ 61. Kc6 (61. Ke7 Qe4+ 62. Kf8 Qf5+ {[%mdl 64] Double Attack} 63. Ke8 Qe6+ 64. Kf8 Qf5+ {[%mdl 64] Double Attack} 65. Ke8 Qe6+ 66. Qe7 Qc8+ 67. Qd8 Qe6+ $11) 61... Qc4+ 62. Kb6 Qb4+ 63. Ka6 Qc4+ 64. Kb6 Qb4+ 65. Kc6 Qc4+ 66. Kd6 Qd4+ 67. Ke6 Qe4+ 68. Kf7 (68. Kd6 Qd4+ 69. Ke7 Qe5+ 70. Kf8 Qf5+ {[%mdl 64] Double Attack} 71. Ke8 Qe6+ 72. Qe7 Qc8+ 73. Qd8 Qe6+ 74. Kf8 Qf5+ {[%mdl 64] Double Attack} 75. Ke7 Qe4+ 76. Kd6 $11) 68... Qf5+ 69. Ke8 Qe6+ 70. Qe7 Qc8+ 71. Qd8 Qe6+ 72. Qe7 Qc8+ 73. Qd8 Qe6+ $11) 58... Qc2+ 59. Kb7 $1 Qb3+ {[#]} 60. Kc8 $1 Qe6+ {[#]} 61. Qd7 $1 Qg8+ 62. Kb7 Qb3+ 63. Kc6 Qc4+ 64. Kd6 Qd4+ 65. Ke7 Qe5+ 66. Kd8 Qf6+ 67. Qe7 Qd4+ 68. Kc8 Qd5 69. Qb4 Qa8+ 70. Qb8 Qc6 71. Qb1+ ({Worse is} 71. Kd8 Qd5+ 72. Ke7 Qe4+ 73. Kd6 Qd4+ 74. Ke6 Qe4+ 75. Kd6 Qd4+ 76. Kc6 Qc4+ 77. Kd7 (77. Kb7 Qb5+ 78. Ka8 Qa6+ 79. Qa7 Qc8+ 80. Qb8 Qa6+ 81. Qa7 Qc8+ 82. Qb8 Qa6+ $11) 77... Qd5+ 78. Ke8 Qe6+ 79. Kd8 Qd5+ 80. Ke7 Qe5+ 81. Kd8 Qd5+ $11) 71... Kh8 72. Kb8 Qd6 73. Qb5 Kg8 74. Kb7 Qe7 75. Qd5+ Kh7 76. Qd4 Qf7 77. Qd3+ Kh8 78. Kb8 {Weighted Error Value: White=0.06/Black=0.40} 1-0

[Event "Galicia-ch 2021"]
[Site "Padron"]
[Date "2021.04.04"]
[Round "8.4"]
[White "Fernandez Lopez, Pablo"]
[Black "Espineira Gonzalez, Diego"]
[Result "0-1"]
[WhiteElo "2043"]
[BlackElo "2338"]
[Annotator "TA"]
[PlyCount "72"]
[EventDate "2021.04.02"]
[EventType "swiss"]
[EventCountry "ESP"]
[SourceTitle "playchess.com"]
[Source "ChessBase"]
[SourceQuality "1"]

{[%evp 13,72,8,30,0,0,0,0,0,0,0,0,-9,0,-34,-27,-24,0,0,0,-7,0,-83,-80,-92,-92,-92,-80,-100,-76,-152,-147,-199,-191,-349,-353,-379,-381,-370,-363,-488,-456,-472,-464,-526,-518,-723,-707,-824,-741,-5318,-5302,-29977,-29977,-29977,-29979,-29978,-29979,-5514,-5510,-29979,-748]} 1. d4 d5 2. Nf3 Nf6 3. c4 c6 4. cxd5 cxd5 5. Nc3 Nc6 6. Bf4 Bf5 7. e3 a6 8. a3 {D13: Slav Defence: Exchange variation without ...Bf5.} Rc8 9. Rc1 e6 10. Bd3 {The position is equal.} Bxd3 11. Qxd3 Na5 {[#]} 12. Ne5 $146 ({Predecessor:} 12. O-O Nc4 13. Rc2 b5 14. Ne5 Be7 15. Rfc1 O-O 16. Nb1 Nxb2 17. Rxc8 Nxd3 18. Rxd8 Nxc1 19. Rxf8+ Bxf8 {½-½ (28) Van Rensburg,R (1956)-Wageih,K (2214) Lilongwe 2007}) 12... Bd6 13. Bg3 O-O 14. O-O Bxe5 15. Bxe5 Nd7 16. Bg3 Qb6 17. Na4 (17. b4 $11 {keeps the balance.} Nc4 18. e4) 17... Qb3 $17 {Black converts the advantage convincingly.} 18. Qxb3 Nxb3 19. Rc3 Rxc3 20. Nxc3 Nb6 21. Rd1 (21. f3 $142) 21... Nc4 22. e4 (22. Na4 $17 {is a better defense.}) 22... Rc8 $19 23. Na4 (23. f3 {was necessary.}) 23... dxe4 24. Nc5 Nxb2 25. Rb1 Nxc5 26. Rxb2 {[%mdl 4096] Endgame KRB-KRN} Nd3 {[%cal Rc8c1] [#]} 27. Rb1 b5 {[%cal Bb7b5,Bb5b4,Bb4b3,Bb3b2][%mdl 32]} 28. Kf1 Rc2 29. a4 b4 30. a5 f5 31. f3 e3 32. Be1 e2+ 33. Kg1 Nxe1 {[%mdl 64] [#] Overworked Piece} 34. Rxe1 b3 35. Kf2 b2 36. Rb1 e1=Q+ {Weighted Error Value: White=1.07/Black=0.06} (36... Rc1 $142 37. Kxe2 Rxb1 38. g4 Ra1 39. gxf5 b1=Q {[%mdl 64] Zwischenzug} 40. Ke3 Ra3+ 41. Kf4 Qxf5+ {[%mdl 64] Double Attack} 42. Kg3 Rxf3+ 43. Kg2 Qh3+ 44. Kh1 Qf1#) 0-1

[Event "Galicia-ch 2021"]
[Site "Padron"]
[Date "2021.04.04"]
[Round "8.5"]
[White "Sanchez Aller, Fernando"]
[Black "Gonzalez Perez, Jose Ramon"]
[Result "1/2-1/2"]
[WhiteElo "2337"]
[BlackElo "2099"]
[Annotator "TA"]
[PlyCount "137"]
[EventDate "2021.04.02"]
[EventType "swiss"]
[EventCountry "ESP"]
[SourceTitle "playchess.com"]
[Source "ChessBase"]
[SourceQuality "1"]

{[%evp 27,137,0,0,-30,-17,-14,-22,-107,-96,-135,-129,-114,-56,-54,-34,-40,-37,-37,-39,-51,-37,-38,-9,-12,-12,-12,-8,-8,-6,-8,-8,-47,-47,-47,-47,-47,-47,-47,-47,-47,-47,-70,-70,-70,-70,-70,-70,-70,-47,-47,-47,-47,0,-47,-47,-47,-47,-47,-16,-16,-16,-16,-16,-16,-16,-16,-16,-16,-8,-8,0,-12,0,-12,0,0,0,-8,-8,-8,-8,-8,0,-8,-8,-8,-8,-72,-72,-72,-72,-72,-72,-76,-65,-302,-293,-293,-267,-267,-266,-246,-8,-8,-8,-11,-8,-8,0,0,0,-6095]} 1. e4 e5 2. Nf3 Nc6 3. Bb5 a6 4. Ba4 Nf6 5. O-O Be7 6. Re1 b5 7. Bb3 d6 8. c3 O-O 9. d4 Bg4 10. Be3 exd4 11. cxd4 Na5 12. Bc2 c5 13. Nbd2 cxd4 14. Bxd4 Nc6 15. Bc3 {C91: Closed Ruy Lopez: 7...d6 8 c3 0-0 9 d4.} b4 16. Bxf6 Bxf6 {[#]} 17. Nc4 $146 {[#]} (17. Rb1 $11 {keeps the balance.}) ({Predecessor:} 17. Rb1 Nd4 18. h3 Nxc2 19. Qxc2 Rc8 20. Qb3 Be6 21. Qxb4 Bxa2 22. Rbc1 a5 23. Qa3 Be6 24. Rxc8 Qxc8 25. Qxa5 Bxb2 26. Rb1 h6 27. Nf1 Qc2 28. Qe1 Ba3 29. Nd4 Qa2 {½-½ (29) Klewe,W (2279)-Shchebenyuk,M (2174) ICCF email 2013}) 17... Nd4 $1 $17 {[%mdl 576] Pin} 18. e5 (18. Ncd2 Be6) 18... dxe5 19. Ncxe5 Nxf3+ (19... Bxe5 $17 20. Rxe5 Bxf3 21. gxf3 Qd6) 20. gxf3 $15 Qxd1 (20... Bh5 {keeps more tension.} 21. Qxd8 Raxd8 22. Bb3 Bxe5 23. Rxe5 Bxf3 24. Rc1 g6) 21. Bxd1 Be6 22. Bb3 Rfe8 23. f4 Bxb3 24. axb3 g5 25. Nd3 Rxe1+ 26. Rxe1 $11 {[%mdl 4096] Endgame KRB-KRN} a5 27. fxg5 Bxg5 28. Re5 Bf6 29. Rd5 (29. Rf5 {is more complex.} Rd8 30. Nf4 Rd1+ 31. Kg2 Bd8 32. Rd5) 29... Rd8 30. Rxd8+ Bxd8 $15 {KB-KN} 31. Ne5 Bc7 32. Nc4 Kg7 33. h3 Kf6 34. Kg2 Ke6 35. Kf3 Kd5 36. Ke2 Kd4 37. Nd2 Bd8 38. Nf3+ Kd5 39. Nd2 Kd4 40. Nf3+ Ke4 41. Nd2+ Kf4 42. Nc4 f5 43. Nd2 h5 44. Nc4 Bc7 45. Nd2 Ke5 46. Kd3 Kd5 47. Nc4 Bd8 48. Ne3+ Ke5 49. Nc4+ Kf4 50. Ke2 Bf6 51. Nxa5 Bxb2 52. Nc4 Bd4 53. Nd2 Bc3 54. Nc4 Bd4 55. Nd2 Bc5 56. Nf1 Ke5 57. Nh2 (57. Ne3 $11) 57... Kd4 $17 {Strongly threatening ...Kc3.} 58. Kd2 Be7 59. Nf3+ Ke4 60. Ke2 Bf6 61. Nd2+ $2 {[#]} (61. Ne1 $15) 61... Kd4 $1 $19 62. Nc4 Kc3 63. Ne3 Kxb3 {Hoping for ...Ka2.} 64. Nxf5 Ka3 $2 ({Black should try} 64... Kc3 $19 {White must now prevent ...b3.} 65. Kd1 Bg5) 65. Ne3 $11 {The position is equal.} b3 66. Kd3 Ka2 {And now ...b2 would win.} 67. Nc4 Kb1 68. Nd2+ Ka2 {aiming for ...Bg5.} 69. Ke4 $2 {[%mdl 40960] Weighted Error Value: White=0.10/Black=0.06. An unexpected result.} (69. Nc4 $11) 1/2-1/2

[Event "Galicia-ch 2021"]
[Site "Padron"]
[Date "2021.04.04"]
[Round "8.6"]
[White "Gonzalez Perez, Arian"]
[Black "Grana Castanal, Andres"]
[Result "1-0"]
[WhiteElo "2481"]
[BlackElo "1964"]
[Annotator "TA"]
[PlyCount "64"]
[EventDate "2021.04.02"]
[EventType "swiss"]
[EventCountry "ESP"]
[SourceTitle "playchess.com"]
[Source "ChessBase"]
[SourceQuality "1"]

{[%evp 15,64,42,94,64,77,39,123,68,77,8,40,23,39,8,110,107,151,57,56,52,99,22,25,26,39,-20,94,89,191,196,185,183,251,7,202,18,33,31,406,413,412,411,410,400,428,433,429,413,427,417,415]} 1. e4 c5 2. Nf3 e6 3. d4 cxd4 4. Nxd4 Nc6 5. Nc3 Qc7 6. g3 a6 7. Bg2 Nge7 8. Nb3 Ng6 (8... d6 $14) 9. O-O {B47: Sicilian: Taimanov: 5 Nc3 Qc7 6 f4, 6 g3 and 6 Be2.} b5 {[#]} 10. Re1 $146 ({Predecessor:} 10. Nd5 exd5 11. exd5 Nce5 12. d6 Qb8 13. f4 Nc4 14. Re1+ Kd8 15. Be3 Bb7 16. Na5 Bxg2 17. Nxc4 bxc4 {0-1 (40) Goldenberg,D (2343)-Mikanovic,G (2273) Montreal 2001}) 10... Nge5 {[#]} (10... d6 $14) 11. f4 (11. Nd5 $1 $16 {[%mdl 512]} Qb7 12. a4 $1) 11... Nc4 $1 $14 {[#]} 12. e5 (12. Nd5 $1 $16 Qd8 13. a4 $1) 12... Bb7 13. Ne4 Rd8 14. Qh5 d5 (14... Nb4 $11 15. Qe2 d6) 15. exd6 $1 $16 Nxd6 16. Nec5 (16. Nbc5 $1 $16 {[%cal Rc5e6] Threatens to win with Nxe6.} Bc8 17. c3) 16... g6 $14 17. Qe2 $36 {[%mdl 2048] White is pushing.} Bc8 {[#]} 18. a4 (18. Qf3 $1 $16 {[%cal Rf3c6]} Nd4 19. Nxd4 Qxc5 20. Qc6+ Qxc6 21. Nxc6 (21. Bxc6+ Bd7 $11)) 18... Nc4 19. axb5 axb5 20. Qe4 ({Better is} 20. Qf2 $14) 20... Nd4 21. Na6 $16 ({Don't play} 21. Nxd4 $6 Bxc5 22. c3 O-O $15) 21... Qb6 {[#]} (21... Bxa6 $16 22. Nxd4 (22. Rxa6 Qc8 $11) 22... Rxd4 23. Qc6+ {[%mdl 64] Double Attack} (23. Qxd4 Bc5 $17) 23... Rd7) 22. Nxd4 $1 $18 Rxd4 23. Qc6+ {[%mdl 64] Double Attack} Bd7 (23... Qxc6 $142 24. Bxc6+ Kd8 25. Bxb5 Nd2) 24. Qa8+ $2 (24. Nc7+ $18 Kd8 25. Ra8+ Ke7 26. Qxb6 Nxb6 27. Be3 Nxa8 28. Bxd4 Nxc7 29. Bxh8) 24... Bc8 $2 25. Be3 $2 ({Worse is} 25. Qxc8+ Rd8+ 26. Be3 Qxe3+ 27. Rxe3 Rxc8 $11) (25. Kf1 $18 Rd8 26. b3) 25... Nxe3 $11 26. Qxc8+ Rd8 $2 {[%mdl 8192]} (26... Ke7 $14) 27. Qc6+ $18 Qxc6 28. Bxc6+ Ke7 29. Rxe3 Rc8 30. Be4 Bg7 31. c3 Rhd8 32. Re2 Bf8 {Weighted Error Value: White=0.47/Black=0.73} 1-0